000 00524nam a2200157Ia 4500
008 100122s9999 xx 000 0 und d
082 _b23298
_a823
100 _aसावरकर विनायक दामोदर
245 _aमला काय त्याचे ( क.क्र.26/4 )
250 _a0
260 _c1965
300 _a141
630 _aमला काय त्याचे ( क.क्र.26/4 )
730 _aमला काय त्याचे ( क.क्र.26/4 )
942 _cBOOK
999 _c410901
_d410898